<?xml version="1.0" encoding="utf-8"?>
<?xml-stylesheet type='text/xsl' href='./oai2.xsl'?>
<OAI-PMH xmlns="http://www.openarchives.org/OAI/2.0/" xmlns:xsi="http://www.w3.org/2001/XMLSchema-instance" xsi:schemaLocation="http://www.openarchives.org/OAI/2.0/ http://www.openarchives.org/OAI/2.0/OAI-PMH.xsd">
  <responseDate>2026-06-07T20:23:46Z</responseDate>
  <request verb="GetRecord" metadataPrefix="marcxml" identifier="record_kuniweb_21823">https://kulturerbe.niedersachsen.de/oai</request>
  <GetRecord>
    <record>
      <header>
        <identifier>record_kuniweb_21823</identifier>
        <datestamp>2015-06-19T12:07:43Z</datestamp>
        <setSpec>slg0103</setSpec>
      </header>
      <metadata>
        <marc:record xmlns:marc="http://www.loc.gov/MARC21/slim" xsi:schemaLocation="http://www.loc.gov/MARC21/slim http://www.loc.gov/standards/marcxml/schema/MARC21slim.xsd">
          <marc:leader>12345nem  22     uu 4500</marc:leader>
          <marc:controlfield tag="001">21823</marc:controlfield>
          <marc:controlfield tag="003">http://kuniweb.gbv.de</marc:controlfield>
          <marc:controlfield tag="005">2015-04-12T10:58:46</marc:controlfield>
          <marc:controlfield tag="008">|           ||||||||||||||||||||||</marc:controlfield>
          <marc:datafield tag="245" ind1="1" ind2="0">
            <marc:subfield code="a">Principatus Calenberg et Grubenhagen, Comitatus Schauenburg, Episcopatus Hildesiani et adjacentium terrarum descriptio geographica</marc:subfield>
          </marc:datafield>
          <marc:datafield tag="700" ind1="1" ind2=" ">
            <marc:subfield code="a">Lotter</marc:subfield>
            <marc:subfield code="d">* 1717 † 1777</marc:subfield>
            <marc:subfield code="e">Kupferstecher</marc:subfield>
          </marc:datafield>
          <marc:datafield tag="700" ind1="1" ind2=" ">
            <marc:subfield code="a">Seutter</marc:subfield>
            <marc:subfield code="d">* 1722 † 1762</marc:subfield>
            <marc:subfield code="e">Kupferstecher</marc:subfield>
          </marc:datafield>
          <marc:datafield tag="655" ind1=" " ind2="7">
            <marc:subfield code="a">Karten</marc:subfield>
          </marc:datafield>
          <marc:datafield tag="046" ind1=" " ind2=" ">
            <marc:subfield code="k">1756</marc:subfield>
            <marc:subfield code="k">Erstveröffentlichung ab 1756</marc:subfield>
          </marc:datafield>
          <marc:datafield tag="260" ind1=" " ind2=" ">
            <marc:subfield code="g">1756</marc:subfield>
            <marc:subfield code="g">Erstveröffentlichung ab 1756</marc:subfield>
          </marc:datafield>
          <marc:datafield tag="300" ind1=" " ind2=" ">
            <marc:subfield code="a">Höhe: 25 cm
Breite: 18,5 cm</marc:subfield>
          </marc:datafield>
          <marc:datafield tag="520" ind1=" " ind2=" ">
            <marc:subfield code="a">Maßstäbe (in cm): 5 gewöhnliche deutsche Meilen = 4,8
Ausrichtung: Norden
Rückseite: leer

Literatur in Zusammenhang:
–Cartographica Helvetica 25 (2002), S. 2 bis 10

Literatur in Zusammenhang:
C. Sandler, „Johann Baptista Homann, die Homännischen Erben, Matthäus Seutter und ihre Landkarten : Beiträge zur Geschichte d. Kartographie“. Meridian Publ. Co., Amsterdam, 1979. (S. 9 Nr. 136, S. 15 f., 18)

Literatur in Zusammenhang:
L. Zögner und Lotter, T. C., „Tobias Conrad Lotter (1717-1777) : ein Augsburger Kartenmacher des 18. Jahrhunderts ; Vitrinenausstellung der Kartenabteilung der Staatsbibliothek Preußischer Kulturbesitz, 7. Juni - 24. Juli 1977, Völkerkundemuseum (Vorhalle). [Kartographische Sonderdrucke] ; [222]“. Berlin, 1977. ((S. 172 bis 175) , S. 173 ff.)

Veröffentlicht in:
T. C. Lotter, Seutter, M., Weyermann, J. C., Crophius, M. G., Seutter, A. C., Silbereisen, A., und Lainpacher, M. P., „Atlas Minor : Præcipua Orbis Terrarum Imperia, Regna et Provincias, Germaniæ Potissimum, tabelli [..] exacte delineatis sistens usui militiae ducum ac peregrinantium maxime accomodatus“. [Lotter], [Augsburg], 1760. (Karte Nr. 49 (im Inhaltsverzeichnis unter dem Titel „Chur-Fürstenthum Hannover“))</marc:subfield>
          </marc:datafield>
          <marc:datafield tag="650" ind1="1" ind2=" ">
            <marc:subfield code="a">Landkarte</marc:subfield>
          </marc:datafield>
          <marc:datafield tag="773" ind1="0" ind2=" ">
            <marc:subfield code="t">Sammlung Körber-Einbeck</marc:subfield>
          </marc:datafield>
          <marc:datafield tag="852" ind1=" " ind2=" ">
            <marc:subfield code="a">Institut für Historische Landesforschung der Universität Göttingen</marc:subfield>
          </marc:datafield>
          <marc:datafield tag="" ind1=" " ind2=" ">
            <marc:subfield code="a">Namensnennung-Nicht kommerziell 4.0 International (CC BY-NC 4.0))</marc:subfield>
          </marc:datafield>
        </marc:record>
      </metadata>
    </record>
  </GetRecord>
</OAI-PMH>
